000 01082nam a2200289Ia 4500
003 OSt
005 20220923211236.0
006 a|||||r|||| 00| 0
007 ta
008 220922b |||||||| |||| 00| 0 hin d
020 _a9788171788651
_c250
024 _a258,611
037 _b262, 12/12/2011, Vani Prakashan
_cTextual
040 _aARTS
_cARTS
_bhin
041 _2hin
_ahin
082 _aO152,1:g, M3
100 _aमुक्बिोध, गजानन माधव
245 0 _aनयी कविता का आत्म संघर्ष
246 _aNayī kavitā kā ātma sangharṣha
260 _aनयी दिल्ली
_b राजकमल प्रकाशन
_c2009
300 _a192पृ.
_ccm.
650 _a हिन्दी कविता
650 _a हिन्दी कविता
650 _aहिन्दी साहित्य
_9156264
942 _hO152,1:g, M3
_cTEXL
_2CC
999 _c297507
_d297507